00524cam a2200169 4500008004100000020001500041035002000056050002200076100002200098245006700120260004700187300001000234440003000244504004100274650002000315999001900335141001n 000 0 eng u a0687016118 a(Sirsi) a185252 aBR 145.2 GON 1996 aGonzalz, Justo L. aChurch history:b an essential guide / cby Justo L. Gonzalez. aNashville : b Abingdon Press, c c1996. a95 p. aAbingdon essential guides aIncludes bibliographical references. aChurch history. c122658d122658